000 00383cam a22001217a 4500
008 180718b1952 xxu||||| |||| 00| 0 eng d
082 _aK12x42 M229
100 _aMunro, C. K.
245 _aFountains in trafalgar square: some reflections on the civil service
_cby C. K. Munro
260 _aLondon
_bWilliam Heinemann
_c1952
300 _a202p.
650 _aCivil service --Great Britain
999 _c431588
_d431588